Estatísticas para Franquias da Liga MX na temporada 2020/21

Clique aqui para jogar o quiz

Estatísticas Gerais

  • Esse quiz foi jogado 16 vezes
  • A pontuação média é 16 de 18

Estatísticas das Respostas

CidadeEstádioEquipe% Correto
Cidade do MéxicoAztecaAmérica
100%
Santiago de Querétaro, QROLa CorregidoraQuerétaro
100%
Cidade do MéxicoAztecaCruz Azul
100%
Guadalajara, JALAkronGuadalajara
100%
León, GTOLeón (Nou Camp)León
100%
Tijuana, BCCalienteTijuana
100%
Guadaloupe, NLBBVAMonterrey
100%
San Nicolás de Los Garza, NLUniversitarioTigres UANL
100%
San Luís Potosí, SLPAlfonso LastrasAtlético de San Luís
92%
Toluca de Lerdo, EMXNemesio DíezToluca
85%
Torreón, COTSM CoronaSantos Laguna
85%
Aguascalientes, AGVictoriaNecaxa
85%
Puebla de Zaragoza, PUECuauhtémocPuebla
85%
Pachuca de Soto, HIHidalgoPachuca
85%
Guadalajara, JALJaliscoAtlas
85%
Cidade do MéxicoOlímpico UniversitarioUniversidad Nacional
77%
Mazatlán, SINMazatlánMazatlán
69%
Ciudad Juárez, CHAOlímpico Benito JuárezJuárez
69%

Distribuição das Pontuações

Percentil de Números Respondidos

Porcentagem de Pessoas com Cada Pontuação

Sua Pontuação Histórica

Você não jogou esse quiz